Biblioteca y Centro de Documentación

Memoria 1996 [de la] Comisión Paritaria Sectorial de Consultoras de Planificación, Organización de Empresas y Contable (Registro nro. 8920)

Detalles MARC
000 -CABECERA
Longitud fija campo de control 01700nam a2200433 c 4500
001 - NÚMERO DE CONTROL
Número de control 8920
003 - IDENTIFICADOR DE NÚMERO DE CONTROL
Identificador del número de control ES-MaCES
005 - FECHA Y HORA DE LA ÚLTIMA TRANSACCIÓN
Fecha y hora de la última transacción 20150924145330.0
008 - CAMPO FIJO DE DESCRIPCIÓN FIJA--INFORMACIÓN GENERAL
Códigos de información de longitud fija   990526s1998 sp bd 000 | spa d
017 ## - NÚMERO DE REGISTRO DE DERECHOS DE AUTOR Y DEPÓSITO LEGAL
Número de copyright o de depósito legal M 31361-1998
Agencia que asigna el número DL
035 ## - NÚMERO DE CONTROL DEL SISTEMA
Número de control del sistema CES19990008266m
040 ## - FUENTE DE CATALOGACIÓN
Centro catalogador de origen ES-MaCES
Lengua de catalogación spa
Centro transcriptor ES-MaCES
110 2# - ENCABEZAMIENTO PRINCIPAL--NOMBRE CORPORATIVO
Nombre de entidad corporativa o nombre de jurisdicción como elemento inicial Fundación para la Formación Continua
9 (RLIN) 3879
245 10 - MENCIÓN DE TÍTULO
Título Memoria 1996 [de la] Comisión Paritaria Sectorial de Consultoras de Planificación, Organización de Empresas y Contable
260 ## - PUBLICACIÓN, DISTRIBUCIÓN, ETC (PIE DE IMPRENTA)
Lugar de publicación, distribución, etc. Madrid
Nombre del editor, distribuidor, etc. Fundación para la Formación Continua (FORCEM)
Fecha de publicación, distribución, etc. D.L. 1998
300 ## - DESCRIPCIÓN FÍSICA
Extensión 65 p.
Otras características físicas gráf., map.
Dimensiones 28 cm
Material anejo fe de erratas (1 h.)
500 ## - NOTA GENERAL
Nota general Tít. tomado de la cub.
541 ## - NOTA DE LA FUENTE INMEDIANTE DE ADQUISICIÓN
Forma de adquisición Gratuito
610 24 - ASIENTO SECUNDARIO DE MATERIA--NOMBRE CORPORATIVO
Nombre de entidad corporativa o nombre de jurisdicción como elemento inicial Fundación para la Formación Continua
9 (RLIN) 3879
650 #4 - ASIENTO SECUNDARIO DE MATERIA--TÉRMINO DE MATERIA
Término de materia o nombre geográfico como elemento inicial servicio de consultoría
9 (RLIN) 29776
650 #4 - ASIENTO SECUNDARIO DE MATERIA--TÉRMINO DE MATERIA
Término de materia o nombre geográfico como elemento inicial consultor de empresas
9 (RLIN) 28189
650 #4 - ASIENTO SECUNDARIO DE MATERIA--TÉRMINO DE MATERIA
Término de materia o nombre geográfico como elemento inicial planificación corporativa
9 (RLIN) 30332
650 #4 - ASIENTO SECUNDARIO DE MATERIA--TÉRMINO DE MATERIA
Término de materia o nombre geográfico como elemento inicial organización de la empresa
9 (RLIN) 28193
650 #4 - ASIENTO SECUNDARIO DE MATERIA--TÉRMINO DE MATERIA
Término de materia o nombre geográfico como elemento inicial formación profesional permanente
9 (RLIN) 29931
650 #4 - ASIENTO SECUNDARIO DE MATERIA--TÉRMINO DE MATERIA
Término de materia o nombre geográfico como elemento inicial formación en la empresa
9 (RLIN) 27452
650 #4 - ASIENTO SECUNDARIO DE MATERIA--TÉRMINO DE MATERIA
Término de materia o nombre geográfico como elemento inicial planificación de la formación
9 (RLIN) 29959
650 #4 - ASIENTO SECUNDARIO DE MATERIA--TÉRMINO DE MATERIA
Término de materia o nombre geográfico como elemento inicial programa de formación
9 (RLIN) 29083
650 #4 - ASIENTO SECUNDARIO DE MATERIA--TÉRMINO DE MATERIA
Término de materia o nombre geográfico como elemento inicial España
9 (RLIN) 26964
650 #4 - ASIENTO SECUNDARIO DE MATERIA--TÉRMINO DE MATERIA
Término de materia o nombre geográfico como elemento inicial Comunidades Autónomas
9 (RLIN) 30768
650 #4 - ASIENTO SECUNDARIO DE MATERIA--TÉRMINO DE MATERIA
Término de materia o nombre geográfico como elemento inicial 1996
9 (RLIN) 30975
650 #4 - ASIENTO SECUNDARIO DE MATERIA--TÉRMINO DE MATERIA
Término de materia o nombre geográfico como elemento inicial memoria anual
9 (RLIN) 28977
650 #4 - ASIENTO SECUNDARIO DE MATERIA--TÉRMINO DE MATERIA
Término de materia o nombre geográfico como elemento inicial informe de actividades
9 (RLIN) 28984
653 10 - TÉRMINO DE INDEXACIÓN--NO CONTROLADO
Término no controlado Educación
650 #4 - ASIENTO SECUNDARIO DE MATERIA--TÉRMINO DE MATERIA
9 (RLIN) 26745
Término de materia o nombre geográfico como elemento inicial contabilidad
787 0# - ENTRADA DE OTRAS ESPECIFICACIONES
Título Memoria 1997 de la aplicación del II ANFC [de la] Comisión Paritaria Sectorial de Consultoras de Planificación, Organización de Empresas y Contable
Número de control del registro relacionado (ES-MaCES)11054
902 ## - CES. TIPO DE DOCUMENTO
Tipodoc (006$c Sirtex) LIB Libro
942 ## - ELEMENTOS KOHA
Fuente de clasificaión o esquema Clasificación propia del CES
Koha [por defecto] tipo de item Monografías
Parte de clasificación 4.0.
Existencias
Número de registro Signatura completa Tipo de item de Koha
030394 DPT-631 Monografías
© CES, Consejo Económico y Social de España 2021